The virgin lands / (Record no. 4769)

MARC details
000 -LEADER
fixed length control field 00696cam a2200205 i 4500
001 - CONTROL NUMBER
control field BD-DhSAU 4769
003 - CONTROL NUMBER IDENTIFIER
control field BD-DhSAU
005 - DATE AND TIME OF LATEST TRANSACTION
control field 20150226094142.0
008 - FIXED-LENGTH DATA ELEMENTS--GENERAL INFORMATION
fixed length control field 790716s1978 ru af 000 0 eng
040 ## - CATALOGING SOURCE
Original cataloging agency BD-DhSAU
082 00 - DEWEY DECIMAL CLASSIFICATION NUMBER
Classification number ---
Edition number 22
Item number BRV
100 1# - MAIN ENTRY--PERSONAL NAME
Personal name Brezhnev, Leonid
Dates associated with a name 1906-1982.
245 14 - TITLE STATEMENT
Title The virgin lands /
Statement of responsibility, etc. Leonid Brezhnev ; translated from the Russian by Robert Daglish.
260 ## - PUBLICATION, DISTRIBUTION, ETC. (IMPRINT)
Place of publication, distribution, etc. Moscow :
Name of publisher, distributor, etc. Progress Publishers ,
Date of publication, distribution, etc. c1978.
300 ## - PHYSICAL DESCRIPTION
Extent 183 p. :
Other physical details ill. ;
Dimensions 18 cm.
590 ## - Name of Cataloguer
Name of Cataloger tamanna
650 #0 - SUBJECT ADDED ENTRY--TOPICAL TERM
Topical term or geographic name as entry element Agriculture and state
Geographic subdivision Kazakhstan
General subdivision History.
650 #0 - SUBJECT ADDED ENTRY--TOPICAL TERM
Topical term or geographic name as entry element Agricultural colonies
Geographic subdivision Kazakhstan
General subdivision History.
650 #0 - SUBJECT ADDED ENTRY--TOPICAL TERM
Topical term or geographic name as entry element Agricultural development projects
Geographic subdivision Kazakhstan
General subdivision History.
942 ## - ADDED ENTRY ELEMENTS (KOHA)
Source of classification or shelving scheme Dewey Decimal Classification
Koha item type Book
Holdings
Withdrawn status Lost status Source of classification or shelving scheme Damaged status Not for loan Home library Branch Name Shelving location Date acquired Total Checkouts Full call number Barcode Date last seen Price effective from Koha item type
    Dewey Decimal Classification     SAU Library SAU Library General Stacks 16/11/2005   --- BRV 31556d 26/02/2015 26/02/2015 Book